Chelsea starting 11 and subs - Statistics

General Stats
  • This quiz has been taken 78 times
  • The average score is 12 of 16
Answer Stats
Position Answer % Correct
GK Edouard Mendy
100%
CAM Kai Havertz
94%
RCB Antonio Rudiger
87%
CM N’golo Kante
82%
CB Thiago Silva
82%
LF Timo Werner
82%
CM Jorginho
79%
RWB/RM Cesar Azpiliqueta
76%
ST Romelu Lukaku
75%
SUB Kepa (Arrizabalaga)
74%
LCB Andreas Christensen
71%
SUB Mateo Kovačić
71%
LWB/LM Marcos Alonso
63%
SUB Christian Pulisic
53%
SUB Hakim Ziyech
44%
SUB Trevoh Chalobah
40%
No matching quizzes found
Score Distribution
Percent of People with Each Score
Percentile by Number Answered
Your Score History
You have not taken this quiz